000 00449nam a2200157 i 4500
001 bg
100 1 _aDrozdowicz, Zbigniew
_d(1948- ).
245 0 _aO Bogu, Rozumie, Naturze i Wielkim Eklektyzmie :
_bszkice z filozofii francuskiej /
_cZ. Drozdowicz.
260 _aSzczecin,
_c1986.
650 9 _aFilozofia
_zFrancja
_y16/19 w
040 _cBPK
041 _apol
080 _a1(44)"15/18"
942 _cKS
008 s pl f |000 0 pol
999 _c2831
_d2831
856 _uhttp://koha.tu.koszalin.pl/cgi-bin/koha/opac-detail.pl?biblionumber=2831
_yKatalog online BPK